Movies Quiz

Random Movies or Quote Quiz

Finish the Quote Quiz Stats

 Plays Quiz not verified by Sporcle

Challenge
Share
Tweet
Embed
Score 0/10 Timer 06:00
0 Plays Today
Quote Movie % Correct
I'm king of the World!Titanic
86.8%
'...If you're from Africa, Why are you white?Mean Girls
59.3%
Not at the table Carlos.The Hangover
55.2%
Welcome to Earth, Mother F***erIndependence Day
50%
Spiders they want me to tap dance, but I don't want to tap danceHarry Potter: And The Prisoner of Azkaban
14%
Chew like you have a secretShe's the man
7.1%
You two donkey d***s couldn't get laid in a morgue Weird Science
4.7%
Roses are red, violets are blue F*** you W****500 Days of Summer
3.8%
Way to bite my moment, taste good?Stick it
1.9%
If chick's wearing a veil, dude better bailSurf Ninjas
1.9%

You're not logged in!

Compare scores with friends on all Sporcle quizzes.
Join for Free
OR
Log In

You Might Also Like...

Show Comments

Extras

Created Mar 28, 2010ReportNominate
Tags:Quote Quiz, finish

Top Quizzes Today


Score Distribution

Your Account Isn't Verified!

In order to create a playlist on Sporcle, you need to verify the email address you used during registration. Go to your Sporcle Settings to finish the process.

Report this User

Report this user for behavior that violates our Community Guidelines.

Details: